Return of the state of the Dismal Swamp Canal Company, November 30th, 1824.

Bibliographic Details
Corporate Author: ProQuest (Firm)
Format: eBook
Language:English
Published: Washington : [publisher not identified], 1824.
Series:United States congressional serial set.
Subjects:
Online Access:Connect to the full text of this electronic book

MARC

Tag First Indicator Second Indicator Subfields
LEADER 00000cam a22000001a 4500
001 in00002835113
005 20190331183751.0
006 m o d
007 cr un mmmapmmp
008 081223s1824 dcud o f000 0 eng d
035 |a cis2004304319 
040 |a UMI  |c UMI  |d UtOrBLW 
043 |a n-us--- 
099 |a ProQuest Serial Set Number 117 H.doc.86 
245 0 0 |a Return of the state of the Dismal Swamp Canal Company, November 30th, 1824. 
246 1 |a State of Dismal Swamp Canal Company 
264 1 |a Washington :  |b [publisher not identified],  |c 1824. 
300 |a 1 online resource. 
336 |a text  |b txt  |2 rdacontent 
337 |a computer  |b c  |2 rdamedia 
338 |a online resource  |b cr  |2 rdacarrier 
490 0 |a H.doc.86 
500 |a Record is based on bibliographic data in ProQuest U.S. Serial Set Digital Collection (last viewed Dec. 2008). Reuse except for individual research requires license from ProQuest, LLC. 
510 3 |a ProQuest U.S. Serial Set Digital Collection 
500 |a Electronic resource. 
650 0 |a Canals. 
650 0 |a Wetlands. 
651 0 |a Virginia. 
655 7 |a Electronic books.  |2 local 
710 2 |a ProQuest (Firm) 
830 0 |a United States congressional serial set. 
856 4 0 |u http://proxy.library.tamu.edu/login?url=http://congressional.proquest.com/congcomp/getdoc?SERIAL-SET-ID=117+H.doc.86  |z Connect to the full text of this electronic book  |t 0 
999 |a MARS 
999 f f |s ef81155f-2ac9-3d03-acd3-f00e20a32aae  |i 8ec1d925-9a09-36cd-9637-21bd835c4da9  |t 0 
952 f f |a Texas A&M University  |b College Station  |c Electronic Resources  |d Available Online  |t 0  |e ProQuest Serial Set Number 117 H.doc.86  |h Other scheme 
998 f f |a ProQuest Serial Set Number 117 H.doc.86  |t 0  |l Available Online